000 00382 a2200109 4500
001 ART_8067
005 20260410161831.0
008 260409a
245 1 0 _aSocial Justice in betwen collective egoism and genuine solidarity
100 1 _aDemuijnck, Geert
773 0 _tBoletín de estudios económicos
_gÉtica y economía - Vol. 55, Nº 170 (ago. 2000)
_wREV5142
999 _c23250
_d23250